[Event "Masters Tournament (MTO)"]
[Site "Biel, CH"]
[Date "2025.07.18"]
[Round "5"]
[White "Yash Abhijit Patil"]
[Black "Gruenfeld, Yehuda"]
[Result "0-1"]
[Board "14"]
[WhiteFideId "25602110"]
[BlackFideId "2800020"]
[BlackTitle "GM"]
[WhiteElo "2186"]
[BlackElo "2367"]
[WhiteTeam "IND"]
[BlackTeam "ISR"]
[WhiteClock "0:14:05"]
[BlackClock "0:18:13"]
[Variant "Standard"]

1. d4 {[%clk 1:40:32]}  Nf6 {[%clk 1:40:48]} 2. Nf3 {[%clk 1:40:41]}  g6 {[%clk 1:40:59]} 3. g3 {[%clk 1:39:48]}  Bg7 {[%clk 1:41:12]} 4. Bg2 {[%clk 1:39:09]}  O-O {[%clk 1:41:28]} 5. O-O {[%clk 1:38:58]}  d6 {[%clk 1:41:47]} 6. b3 {[%clk 1:35:14]}  b5 {[%clk 1:38:04]} 7. Bb2 {[%clk 1:28:42]}  Bb7 {[%clk 1:37:57]} 8. c4 {[%clk 1:25:54]}  bxc4 {[%clk 1:36:24]} 9. bxc4 {[%clk 1:30:03]}  Nbd7 {[%clk 1:36:41]} 10. Nbd2 {[%clk 1:26:38]}  Ne4 {[%clk 1:27:24]} 11. Qc2 {[%clk 1:18:39]}  Nxd2 {[%clk 1:24:55]} 12. Nxd2 {[%clk 1:18:42]}  Bxg2 {[%clk 1:24:06]} 13. Kxg2 {[%clk 1:12:27]}  Rb8 {[%clk 1:17:31]} 14. Rab1 {[%clk 1:18:49]}  e5 {[%clk 1:15:25]} 15. dxe5 {[%clk 1:15:13]}  Nxe5 {[%clk 1:11:51]} 16. h3 {[%clk 1:04:22]}  Qd7 {[%clk 1:00:17]} 17. f4 {[%clk 1:03:52]}  Nxc4 {[%clk 0:59:24]} 18. Nxc4 {[%clk 1:00:05]}  Qc6+ {[%clk 0:59:42]} 19. Kh2 {[%clk 1:00:03]}  Rxb2 {[%clk 0:59:30]} 20. Rxb2 {[%clk 1:00:09]}  Bxb2 {[%clk 0:59:53]} 21. Qxb2 {[%clk 1:00:28]}  Qxc4 {[%clk 0:59:48]} 22. Rc1 {[%clk 1:00:49]}  Qe4 {[%clk 0:56:11]} 23. Rxc7 {[%clk 1:00:58]}  Re8 {[%clk 0:53:25]} 24. Rc2 {[%clk 0:58:48]}  d5 {[%clk 0:55:22]} 25. Rd2 {[%clk 0:53:51]}  h5 {[%clk 0:47:26]} 26. h4 {[%clk 0:50:34]}  Qf5 {[%clk 0:47:06]} 27. Qc3 {[%clk 0:40:42]}  Kh7 {[%clk 0:37:59]} 28. Kg2 {[%clk 0:39:06]}  Re4 {[%clk 0:34:00]} 29. Qc5 {[%clk 0:24:27]}  a6 {[%clk 0:30:18]} 30. e3 {[%clk 0:24:05]}  Ra4 {[%clk 0:26:51]} 31. Qxd5 {[%clk 0:24:10]}  Qxd5+ {[%clk 0:27:10]} 32. Rxd5 {[%clk 0:24:33]}  Rxa2+ {[%clk 0:27:28]} 33. Kf3 {[%clk 0:24:50]}  f5 {[%clk 0:27:54]} 34. Rd6 {[%clk 0:23:37]}  Ra1 {[%clk 0:28:08]} 35. Rd7+ {[%clk 0:22:32]}  Kg8 {[%clk 0:28:32]} 36. Rd6 {[%clk 0:22:01]}  Kf7 {[%clk 0:28:56]} 37. Rd7+ {[%clk 0:22:25]}  Ke6 {[%clk 0:29:12]} 38. Rg7 {[%clk 0:22:51]}  Kf6 {[%clk 0:29:36]} 39. Rb7 {[%clk 0:23:02]}  a5 {[%clk 0:29:21]} 40. Rb6+ {[%clk 0:23:27]}  Kf7 {[%clk 0:29:44]} 41. Ra6 {[%clk 0:23:50]}  a4 {[%clk 0:29:59]} 42. Kg2 {[%clk 0:24:08]}  a3 {[%clk 0:30:22]} 43. Kh2 {[%clk 0:23:56]}  Ke7 {[%clk 0:27:42]} 44. Kg2 {[%clk 0:20:05]}  Kd7 {[%clk 0:25:35]} 45. Rxg6 {[%clk 0:20:07]}  Re1 {[%clk 0:25:55]} 46. Ra6 {[%clk 0:20:02]}  Rxe3 {[%clk 0:26:14]} 47. Ra5 {[%clk 0:19:58]}  Kc6 {[%clk 0:23:34]} 48. Ra8 {[%clk 0:13:18]}  Kb5 {[%clk 0:23:18]} 49. g4 {[%clk 0:13:10]}  hxg4 {[%clk 0:19:00]} 50. h5 {[%clk 0:13:20]}  Rh3 {[%clk 0:18:43]} 51. h6 {[%clk 0:13:43]}  Kb4 {[%clk 0:19:07]} 52. Ra6 {[%clk 0:14:01]}  Kb3 {[%clk 0:19:09]} 53. Rb6+ {[%clk 0:14:01]}  Kc4 {[%clk 0:18:17]} 54. Ra6 {[%clk 0:13:55]}  Kb4 {[%clk 0:18:42]} 55. Kf2 {[%clk 0:14:05]}  a2 {[%clk 0:18:13]} 0-1

[Event "Masters Tournament (MTO)"]
[Site "Biel, CH"]
[Date "2025.07.18"]
[Round "5"]
[White "Erne, Raphael"]
[Black "Latorre, Vincent"]
[Result "1/2-1/2"]
[Board "15"]
[WhiteFideId "1341928"]
[BlackFideId "2636891"]
[BlackTitle "FM"]
[WhiteElo "2164"]
[BlackElo "2326"]
[WhiteTeam "SUI"]
[BlackTeam "CAN"]
[WhiteClock "0:08:29"]
[BlackClock "0:06:37"]
[Variant "Standard"]

1. c4 {[%clk 1:40:57]}  Nf6 {[%clk 1:38:59]} 2. g3 {[%clk 1:41:10]}  c6 {[%clk 1:38:48]} 3. Nf3 {[%clk 1:41:20]}  d5 {[%clk 1:39:02]} 4. Bg2 {[%clk 1:40:40]}  dxc4 {[%clk 1:38:17]} 5. O-O {[%clk 1:40:03]}  Nbd7 {[%clk 1:37:44]} 6. Na3 {[%clk 1:28:58]}  Nb6 {[%clk 1:37:02]} 7. Qc2 {[%clk 1:27:56]}  Be6 {[%clk 1:36:01]} 8. Ne5 {[%clk 1:20:45]}  h5 {[%clk 1:35:38]} 9. h4 {[%clk 1:06:27]}  Qd4 {[%clk 1:35:21]} 10. Nxc6 {[%clk 1:06:17]}  bxc6 {[%clk 1:35:10]} 11. Bxc6+ {[%clk 1:04:49]}  Kd8 {[%clk 1:34:49]} 12. Nb5 {[%clk 1:01:13]}  Qc5 {[%clk 1:02:39]} 13. Bxa8 {[%clk 0:57:50]}  Nxa8 {[%clk 1:02:06]} 14. a4 {[%clk 0:32:39]}  Bh3 {[%clk 0:50:08]} 15. Rd1 {[%clk 0:27:09]}  Qc6 {[%clk 0:47:08]} 16. f3 {[%clk 1:27:32]}  a6 {[%clk 0:40:14]} 17. Na3 {[%clk 1:17:59]}  e5 {[%clk 0:30:27]} 18. d3 {[%clk 1:09:25]}  Bxa3 {[%clk 0:26:37]} 19. Rxa3 {[%clk 1:06:13]}  Ke7 {[%clk 0:15:13]} 20. dxc4 {[%clk 0:50:51]}  Rc8 {[%clk 0:05:12]} 21. Rc3 {[%clk 0:47:35]}  Nc7 {[%clk 0:01:04]} 22. Be3 {[%clk 0:37:51]}  Bd7 {[%clk 0:14:12]} 23. a5 {[%clk 0:36:51]}  Ne6 {[%clk 0:10:18]} 24. b4 {[%clk 0:34:35]}  Qb7 {[%clk 0:06:07]} 25. Bb6 {[%clk 0:28:37]}  Nd4 {[%clk 0:11:46]} 26. Qb2 {[%clk 0:23:12]}  Nd5 {[%clk 0:01:03]} 27. Bxd4 {[%clk 0:13:09]}  exd4 {[%clk 0:08:53]} 28. Rcc1 {[%clk 0:10:40]}  Qxb4 {[%clk 0:07:38]} 29. Qxd4 {[%clk 0:11:45]}  Nf6 {[%clk 0:06:39]} 30. Qe5+ {[%clk 0:11:06]}  Be6 {[%clk 0:03:43]} 31. Rb1 {[%clk 0:08:55]}  Qc5+ {[%clk 0:06:38]} 32. Qd4 {[%clk 0:06:25]}  Qxd4+ {[%clk 0:06:31]} 33. Rxd4 {[%clk 0:06:51]}  Nd7 {[%clk 0:06:41]} 34. Rb7 {[%clk 0:05:02]}  Rc6 {[%clk 0:04:22]} 35. Ra7 {[%clk 0:06:25]}  Kd8 {[%clk 0:02:57]} 36. c5 {[%clk 0:06:01]}  Kc8 {[%clk 0:01:47]} 37. Rd6 {[%clk 0:05:23]}  Rxc5 {[%clk 0:02:41]} 38. Rdxa6 {[%clk 0:00:33]}  Nb8 {[%clk 0:00:46]} 39. Rb6 {[%clk 0:01:21]}  Nc6 {[%clk 0:00:33]} 40. Ra8+ {[%clk 0:01:21]}  Kc7 {[%clk 0:30:47]} 41. Rb2 {[%clk 0:29:49]}  Rxa5 {[%clk 0:28:13]} 42. Rxa5 {[%clk 0:28:56]}  Nxa5 {[%clk 0:29:19]} 43. Kf2 {[%clk 0:28:48]}  Nc6 {[%clk 0:28:37]} 44. Rd2 {[%clk 0:28:14]}  Ne5 {[%clk 0:27:29]} 45. Rd1 {[%clk 0:28:48]}  Bd7 {[%clk 0:26:46]} 46. Rc1+ {[%clk 0:28:08]}  Kd6 {[%clk 0:27:01]} 47. Rd1+ {[%clk 0:28:27]}  Ke6 {[%clk 0:27:17]} 48. Ra1 {[%clk 0:26:41]}  Nc4 {[%clk 0:27:08]} 49. Rc1 {[%clk 0:28:22]}  Nd6 {[%clk 0:26:30]} 50. Ra1 {[%clk 0:26:56]}  Bb5 {[%clk 0:26:09]} 51. Rb1 {[%clk 0:28:06]}  Ke5 {[%clk 0:24:54]} 52. Rb2 {[%clk 0:26:46]}  Bc4 {[%clk 0:23:41]} 53. Rc2 {[%clk 0:25:36]}  g6 {[%clk 0:22:33]} 54. Rd2 {[%clk 0:24:01]}  Nf5 {[%clk 0:16:09]} 55. Rc2 {[%clk 0:19:57]}  Be6 {[%clk 0:21:44]} 56. Rc1 {[%clk 0:17:37]}  Nd4 {[%clk 0:20:17]} 57. Ke3 {[%clk 0:17:05]}  Nf5+ {[%clk 0:21:10]} 58. Kf2 {[%clk 0:17:29]}  Ne7 {[%clk 0:21:31]} 59. Ra1 {[%clk 0:16:46]}  Nd5 {[%clk 0:21:04]} 60. Rd1 {[%clk 0:17:16]}  Nc3 {[%clk 0:20:30]} 61. Rd3 {[%clk 0:17:25]}  Nb5 {[%clk 0:21:15]} 62. Rd1 {[%clk 0:17:28]}  Bc4 {[%clk 0:21:12]} 63. Rc1 {[%clk 0:15:11]}  Kd5 {[%clk 0:18:57]} 64. Rd1+ {[%clk 0:16:45]}  Ke6 {[%clk 0:14:24]} 65. Rc1 {[%clk 0:16:55]}  Nd6 {[%clk 0:14:49]} 66. Rd1 {[%clk 0:17:09]}  Ke5 {[%clk 0:15:04]} 67. Rc1 {[%clk 0:15:39]}  f5 {[%clk 0:14:28]} 68. Ra1 {[%clk 0:14:51]}  Bb5 {[%clk 0:12:40]} 69. Ke3 {[%clk 0:13:30]}  Nc4+ {[%clk 0:13:32]} 70. Kf2 {[%clk 0:13:19]}  Bc6 {[%clk 0:13:10]} 71. Ra6 {[%clk 0:12:34]}  Kd6 {[%clk 0:13:20]} 72. Ra7 {[%clk 0:14:16]}  Be8 {[%clk 0:13:24]} 73. Ra8 {[%clk 0:13:03]}  Ke7 {[%clk 0:13:04]} 74. Ra7+ {[%clk 0:14:32]}  Bd7 {[%clk 0:12:38]} 75. Ra6 {[%clk 0:14:30]}  Be6 {[%clk 0:13:24]} 76. Ra7+ {[%clk 0:14:47]}  Kf6 {[%clk 0:13:44]} 77. Ra6 {[%clk 0:15:02]}  Ke5 {[%clk 0:12:53]} 78. Ra8 {[%clk 0:14:56]}  Nb6 {[%clk 0:12:28]} 79. Ra5+ {[%clk 0:14:57]}  Nd5 {[%clk 0:14:16]} 80. Ra6 {[%clk 0:12:59]}  Nc3 {[%clk 0:12:49]} 81. Ra5+ {[%clk 0:14:44]}  Bd5 {[%clk 0:08:28]} 82. Ra3 {[%clk 0:08:29]}  Nb5 {[%clk 0:06:37]} 1/2-1/2

[Event "Masters Tournament (MTO)"]
[Site "Biel, CH"]
[Date "2025.07.18"]
[Round "5"]
[White "Kueppers, Timo"]
[Black "Aditya Varun Gampa"]
[Result "1-0"]
[Board "16"]
[WhiteFideId "16205820"]
[BlackFideId "45066183"]
[WhiteTitle "FM"]
[BlackTitle "FM"]
[WhiteElo "2292"]
[BlackElo "2187"]
[WhiteTeam "GER"]
[BlackTeam "IND"]
[WhiteClock "0:11:44"]
[BlackClock "0:57:24"]
[Variant "Standard"]

1. Nf3 {[%clk 1:33:33]}  d5 {[%clk 1:36:33]} 2. g3 {[%clk 1:33:54]}  Nf6 {[%clk 1:36:15]} 3. Bg2 {[%clk 1:34:16]}  e6 {[%clk 1:36:32]} 4. O-O {[%clk 1:34:35]}  c5 {[%clk 1:36:31]} 5. c4 {[%clk 1:34:41]}  d4 {[%clk 1:36:52]} 6. e3 {[%clk 1:35:04]}  Nc6 {[%clk 1:37:18]} 7. exd4 {[%clk 1:35:21]}  cxd4 {[%clk 1:37:41]} 8. d3 {[%clk 1:35:44]}  Bd6 {[%clk 1:38:04]} 9. Bg5 {[%clk 1:35:17]}  h6 {[%clk 1:38:09]} 10. Bxf6 {[%clk 1:35:41]}  Qxf6 {[%clk 1:38:35]} 11. Nbd2 {[%clk 1:36:03]}  Qd8 {[%clk 1:36:11]} 12. a3 {[%clk 1:30:47]}  a5 {[%clk 1:38:11]} 13. Rc1 {[%clk 1:29:54]}  O-O {[%clk 1:31:07]} 14. Re1 {[%clk 1:23:31]}  Re8 {[%clk 1:25:11]} 15. c5 {[%clk 1:17:50]}  Bc7 {[%clk 1:34:42]} 16. Nc4 {[%clk 1:18:07]}  e5 {[%clk 1:33:12]} 17. Nfd2 {[%clk 1:18:00]}  f5 {[%clk 1:20:41]} 18. Nb6 {[%clk 1:17:31]}  Bxb6 {[%clk 1:17:55]} 19. Qb3+ {[%clk 1:05:41]}  Be6 {[%clk 1:26:47]} 20. Qxb6 {[%clk 1:01:35]}  Qd7 {[%clk 1:26:04]} 21. Nc4 {[%clk 0:55:42]}  Bxc4 {[%clk 1:21:55]} 22. Rxc4 {[%clk 0:53:19]}  Re6 {[%clk 1:04:09]} 23. Qb3 {[%clk 0:51:19]}  Kh8 {[%clk 1:00:24]} 24. Bxc6 {[%clk 0:46:41]}  Qxc6 {[%clk 0:56:35]} 25. Rxd4 {[%clk 0:44:59]}  Qxc5 {[%clk 0:47:13]} 26. Qxb7 {[%clk 0:44:31]}  Ree8 {[%clk 0:40:07]} 27. Rc4 {[%clk 0:22:43]}  Qd6 {[%clk 0:38:58]} 28. Qf3 {[%clk 0:20:58]}  Rab8 {[%clk 1:11:15]} 29. Qxf5 {[%clk 0:19:20]}  Rxb2 {[%clk 1:06:42]} 30. d4 {[%clk 0:15:34]}  Qb8 {[%clk 1:03:01]} 31. Rec1 {[%clk 0:12:58]}  Qd6 {[%clk 0:59:17]} 32. Rc8 {[%clk 0:12:48]}  Rb8 {[%clk 0:58:35]} 33. R1c6 {[%clk 0:11:14]}  Qxd4 {[%clk 0:56:24]} 34. Rxh6+ {[%clk 0:11:05]}  gxh6 {[%clk 0:56:49]} 35. Qf6+ {[%clk 0:11:32]}  Kg8 {[%clk 0:57:10]} 36. Qg6+ {[%clk 0:11:25]}  Kf8 {[%clk 0:57:24]} 37. Qxe8+ {[%clk 0:11:44]} 1-0

[Event "Masters Tournament (MTO)"]
[Site "Biel, CH"]
[Date "2025.07.18"]
[Round "5"]
[White "Doraszelski, Alexander"]
[Black "Song, Ethan"]
[Result "1/2-1/2"]
[Board "17"]
[WhiteFideId "12996149"]
[BlackFideId "62900412"]
[BlackTitle "FM"]
[WhiteElo "2154"]
[BlackElo "2288"]
[WhiteTeam "GER"]
[BlackTeam "CAN"]
[WhiteClock "0:25:03"]
[BlackClock "0:52:22"]
[Variant "Standard"]

1. e4 {[%clk 1:40:59]}  e5 {[%clk 1:31:51]} 2. Nf3 {[%clk 1:41:14]}  Nc6 {[%clk 1:32:10]} 3. d4 {[%clk 1:41:35]}  exd4 {[%clk 1:32:37]} 4. Nxd4 {[%clk 1:41:55]}  Qf6 {[%clk 1:32:10]} 5. Be3 {[%clk 1:42:15]}  Bc5 {[%clk 1:31:47]} 6. c3 {[%clk 1:42:36]}  Nge7 {[%clk 1:30:46]} 7. Bb5 {[%clk 1:34:38]}  Bb6 {[%clk 1:23:02]} 8. O-O {[%clk 1:43:10]}  O-O {[%clk 1:20:50]} 9. a4 {[%clk 1:39:10]}  a6 {[%clk 1:17:23]} 10. Bc4 {[%clk 1:43:39]}  Re8 {[%clk 1:09:43]} 11. Kh1 {[%clk 1:29:29]}  Qg6 {[%clk 1:01:46]} 12. Nd2 {[%clk 1:25:22]}  d6 {[%clk 0:55:39]} 13. Nxc6 {[%clk 1:15:31]}  bxc6 {[%clk 0:59:05]} 14. Bxb6 {[%clk 1:13:48]}  cxb6 {[%clk 0:56:52]} 15. Qe2 {[%clk 1:09:54]}  Bb7 {[%clk 0:50:35]} 16. Rfe1 {[%clk 1:05:37]}  Qh6 {[%clk 0:45:15]} 17. Qe3 {[%clk 0:59:46]}  Qxe3 {[%clk 0:52:25]} 18. Rxe3 {[%clk 1:00:13]}  b5 {[%clk 0:51:21]} 19. Bb3 {[%clk 0:58:55]}  c5 {[%clk 0:49:44]} 20. Nf3 {[%clk 0:57:48]}  Red8 {[%clk 0:42:24]} 21. Ng5 {[%clk 0:50:12]}  c4 {[%clk 0:48:21]} 22. Bc2 {[%clk 0:50:32]}  g6 {[%clk 0:42:18]} 23. Rd1 {[%clk 0:47:38]}  h6 {[%clk 0:45:23]} 24. Nf3 {[%clk 0:44:39]}  Bc6 {[%clk 0:45:32]} 25. Nd4 {[%clk 0:40:12]}  bxa4 {[%clk 0:37:48]} 26. Nxc6 {[%clk 0:34:29]}  Nxc6 {[%clk 0:29:47]} 27. f4 {[%clk 0:26:58]}  Rab8 {[%clk 0:38:52]} 28. Bxa4 {[%clk 0:22:40]}  Na5 {[%clk 0:35:44]} 29. Re2 {[%clk 0:25:58]}  Rb6 {[%clk 0:35:53]} 30. Kg1 {[%clk 0:21:54]}  Rdb8 {[%clk 0:34:56]} 31. Rd5 {[%clk 0:21:52]}  Nb7 {[%clk 0:35:03]} 32. Rd4 {[%clk 0:20:02]}  Nc5 {[%clk 0:32:43]} 33. Rxc4 {[%clk 0:19:22]}  Rxb2 {[%clk 0:32:50]} 34. Rxb2 {[%clk 0:19:28]}  Rxb2 {[%clk 0:33:13]} 35. Bc6 {[%clk 0:17:58]}  Nd3 {[%clk 0:33:23]} 36. g3 {[%clk 0:16:45]}  Rc2 {[%clk 0:30:13]} 37. Bd5 {[%clk 0:15:04]}  Nc5 {[%clk 0:26:34]} 38. e5 {[%clk 0:13:53]}  Rd2 {[%clk 0:26:26]} 39. Rd4 {[%clk 0:09:24]}  Rxd4 {[%clk 0:25:27]} 40. cxd4 {[%clk 0:11:43]}  Ne6 {[%clk 0:24:12]} 41. exd6 {[%clk 0:09:15]}  Kf8 {[%clk 0:20:40]} 42. Kf2 {[%clk 0:04:07]}  Nxd4 {[%clk 0:20:47]} 43. d7 {[%clk 0:04:13]}  Ke7 {[%clk 0:19:39]} 44. Bxf7 {[%clk 0:02:38]}  g5 {[%clk 0:21:24]} 45. fxg5 {[%clk 0:30:18]}  hxg5 {[%clk 0:51:48]} 46. Ke3 {[%clk 0:27:58]}  Nf5+ {[%clk 0:51:58]} 47. Kf3 {[%clk 0:27:28]}  Kxd7 {[%clk 0:52:04]} 48. Ba2 {[%clk 0:25:03]}  Ke7 {[%clk 0:52:22]} 1/2-1/2

[Event "Masters Tournament (MTO)"]
[Site "Biel, CH"]
[Date "2025.07.18"]
[Round "5"]
[White "Zhang, Haoxuan"]
[Black "Deshpande, Aniruddha"]
[Result "1-0"]
[Board "18"]
[WhiteFideId "8641552"]
[BlackFideId "5021774"]
[BlackTitle "FM"]
[WhiteElo "1979"]
[BlackElo "2263"]
[WhiteTeam "CHN"]
[BlackTeam "IND"]
[WhiteClock "0:12:50"]
[BlackClock "0:04:41"]
[Variant "Standard"]

1. e4 {[%clk 1:40:49]}  c5 {[%clk 1:40:10]} 2. c4 {[%clk 1:40:57]}  Nc6 {[%clk 1:40:02]} 3. Ne2 {[%clk 1:40:49]}  g6 {[%clk 1:39:10]} 4. d4 {[%clk 1:37:25]}  cxd4 {[%clk 1:39:27]} 5. Nxd4 {[%clk 1:37:31]}  Bg7 {[%clk 1:38:59]} 6. Nb5 {[%clk 1:32:37]}  a6 {[%clk 1:37:28]} 7. N5c3 {[%clk 1:32:48]}  d6 {[%clk 1:37:35]} 8. Be3 {[%clk 1:32:06]}  Nf6 {[%clk 1:36:46]} 9. Be2 {[%clk 1:28:46]}  O-O {[%clk 1:35:59]} 10. O-O {[%clk 1:25:05]}  Be6 {[%clk 1:31:56]} 11. Na3 {[%clk 1:23:22]}  Rc8 {[%clk 1:31:58]} 12. f3 {[%clk 1:22:26]}  Na5 {[%clk 1:27:37]} 13. Nd5 {[%clk 1:16:12]}  Nd7 {[%clk 1:24:22]} 14. Qd2 {[%clk 1:14:58]}  Nc6 {[%clk 1:19:00]} 15. Rfd1 {[%clk 1:12:54]}  Re8 {[%clk 1:17:28]} 16. Rac1 {[%clk 1:07:14]}  Qa5 {[%clk 1:14:40]} 17. Qxa5 {[%clk 1:04:43]}  Nxa5 {[%clk 1:13:42]} 18. Rc2 {[%clk 1:04:24]}  Nc6 {[%clk 1:10:04]} 19. Rcd2 {[%clk 0:59:34]}  Nc5 {[%clk 1:04:38]} 20. b3 {[%clk 0:48:55]}  f5 {[%clk 1:02:12]} 21. exf5 {[%clk 0:44:16]}  gxf5 {[%clk 0:58:43]} 22. Nc2 {[%clk 0:35:09]}  Bf7 {[%clk 0:47:35]} 23. Bg5 {[%clk 0:34:50]}  Bg6 {[%clk 0:35:00]} 24. Bf1 {[%clk 0:28:49]}  Kf7 {[%clk 0:37:25]} 25. Nce3 {[%clk 0:26:55]}  Ne6 {[%clk 0:33:46]} 26. Bh4 {[%clk 0:26:41]}  Ned4 {[%clk 0:33:21]} 27. Nc2 {[%clk 0:22:12]}  Nxc2 {[%clk 0:24:23]} 28. Rxc2 {[%clk 0:22:37]}  Bd4+ {[%clk 0:24:49]} 29. Bf2 {[%clk 0:21:06]}  Bc5 {[%clk 0:25:03]} 30. Rcd2 {[%clk 0:19:06]}  Ne5 {[%clk 0:14:13]} 31. Bxc5 {[%clk 0:16:05]}  Rxc5 {[%clk 0:14:08]} 32. Kf2 {[%clk 0:15:05]}  Rd8 {[%clk 0:12:41]} 33. h4 {[%clk 0:13:56]}  h6 {[%clk 0:10:59]} 34. Nf4 {[%clk 0:13:38]}  Rdc8 {[%clk 0:07:28]} 35. h5 {[%clk 0:10:55]}  Bh7 {[%clk 0:07:49]} 36. Bd3 {[%clk 0:10:25]}  Nxd3+ {[%clk 0:03:19]} 37. Nxd3 {[%clk 0:10:21]}  Ra5 {[%clk 0:04:20]} 38. a4 {[%clk 0:10:10]}  Kf6 {[%clk 0:03:04]} 39. Nf4 {[%clk 0:09:53]}  Bg8 {[%clk 0:03:08]} 40. Re2 {[%clk 0:07:45]}  Rc6 {[%clk 0:02:46]} 41. Nd3 {[%clk 0:07:10]}  Rb6 {[%clk 0:26:52]} 42. Rb2 {[%clk 0:34:12]}  f4 {[%clk 0:24:54]} 43. Nxf4 {[%clk 0:28:50]}  Bxc4 {[%clk 0:25:00]} 44. Rdb1 {[%clk 0:28:47]}  Bg8 {[%clk 0:22:53]} 45. g4 {[%clk 0:26:54]}  e5 {[%clk 0:22:02]} 46. Ne2 {[%clk 0:22:23]}  Rb4 {[%clk 0:21:23]} 47. Rd2 {[%clk 0:23:48]}  d5 {[%clk 0:14:03]} 48. f4 {[%clk 0:23:10]}  exf4 {[%clk 0:12:27]} 49. Nd4 {[%clk 0:21:28]}  Bh7 {[%clk 0:10:31]} 50. Rc1 {[%clk 0:18:55]}  Be4 {[%clk 0:15:06]} 51. Rc8 {[%clk 0:11:46]}  Kg5 {[%clk 0:09:09]} 52. Rg8+ {[%clk 0:14:56]}  Kh4 {[%clk 0:09:03]} 53. Nf5+ {[%clk 0:12:58]}  Bxf5 {[%clk 0:08:56]} 54. gxf5 {[%clk 0:13:20]}  d4 {[%clk 0:08:51]} 55. Kf3 {[%clk 0:12:39]}  Rxb3+ {[%clk 0:05:26]} 56. Kxf4 {[%clk 0:13:02]}  Rh3 {[%clk 0:04:51]} 57. f6 {[%clk 0:11:42]}  Rh1 {[%clk 0:05:00]} 58. Rg1 {[%clk 0:11:36]}  Rf5+ {[%clk 0:03:51]} 59. Kxf5 {[%clk 0:12:01]}  Rxg1 {[%clk 0:04:17]} 60. Rxd4+ {[%clk 0:12:26]}  Kxh5 {[%clk 0:04:41]} 61. f7 {[%clk 0:12:50]} 1-0

[Event "Masters Tournament (MTO)"]
[Site "Biel, CH"]
[Date "2025.07.18"]
[Round "5"]
[White "Mostertman, Milan"]
[Black "Vemparala, Nikash"]
[Result "1-0"]
[Board "19"]
[WhiteFideId "1025848"]
[BlackFideId "30960967"]
[WhiteTitle "FM"]
[BlackTitle "CM"]
[WhiteElo "2212"]
[BlackElo "2187"]
[WhiteTeam "NED"]
[BlackTeam "USA"]
[WhiteClock "0:05:39"]
[BlackClock "0:10:06"]
[Variant "Standard"]

1. e4 {[%clk 1:40:57]}  e5 {[%clk 1:40:38]} 2. Nf3 {[%clk 1:41:21]}  Nc6 {[%clk 1:40:24]} 3. Bc4 {[%clk 1:40:55]}  Bc5 {[%clk 1:40:13]} 4. d3 {[%clk 1:40:50]}  Nf6 {[%clk 1:40:05]} 5. Nc3 {[%clk 1:37:50]}  h6 {[%clk 1:39:11]} 6. O-O {[%clk 1:34:41]}  a6 {[%clk 1:38:56]} 7. Be3 {[%clk 1:33:10]}  d6 {[%clk 1:37:57]} 8. Bxc5 {[%clk 1:41:36]}  dxc5 {[%clk 1:36:41]} 9. h3 {[%clk 1:40:37]}  Qd6 {[%clk 1:28:57]} 10. Nd5 {[%clk 1:29:11]}  g5 {[%clk 1:10:31]} 11. Ne3 {[%clk 1:18:41]}  g4 {[%clk 1:06:18]} 12. hxg4 {[%clk 1:12:56]}  Bxg4 {[%clk 1:04:54]} 13. Nxg4 {[%clk 1:10:56]}  Nxg4 {[%clk 1:04:36]} 14. Nh4 {[%clk 1:07:42]}  Rg8 {[%clk 0:43:28]} 15. Qf3 {[%clk 0:50:16]}  Qe7 {[%clk 0:41:32]} 16. Nf5 {[%clk 0:49:16]}  Qf6 {[%clk 0:33:40]} 17. Bd5 {[%clk 0:40:01]}  Rg5 {[%clk 0:24:21]} 18. Qg3 {[%clk 0:35:21]}  Nd4 {[%clk 0:23:41]} 19. Nxd4 {[%clk 0:35:15]}  cxd4 {[%clk 0:23:07]} 20. f4 {[%clk 0:28:38]}  exf4 {[%clk 0:22:54]} 21. Rxf4 {[%clk 0:27:37]}  Ne5 {[%clk 0:20:09]} 22. Rxf6 {[%clk 0:27:33]}  Rxg3 {[%clk 0:16:09]} 23. Raf1 {[%clk 0:17:05]}  Rg7 {[%clk 0:17:21]} 24. R6f5 {[%clk 0:23:59]}  Nd7 {[%clk 0:12:19]} 25. Rxf7 {[%clk 0:23:44]}  Rxf7 {[%clk 0:12:01]} 26. Rxf7 {[%clk 0:23:38]}  c6 {[%clk 0:11:16]} 27. Bb3 {[%clk 0:23:20]}  a5 {[%clk 0:07:05]} 28. a4 {[%clk 0:22:44]}  Nc5 {[%clk 0:17:17]} 29. Rh7 {[%clk 0:22:23]}  O-O-O {[%clk 0:17:32]} 30. Rxh6 {[%clk 0:22:08]}  Nxb3 {[%clk 0:17:58]} 31. cxb3 {[%clk 0:21:50]}  Rg8 {[%clk 0:12:16]} 32. Rf6 {[%clk 0:19:35]}  Kd7 {[%clk 0:12:08]} 33. Kf2 {[%clk 0:15:30]}  Ke7 {[%clk 0:11:49]} 34. Rf5 {[%clk 0:15:40]}  b6 {[%clk 0:11:32]} 35. Kf3 {[%clk 0:15:14]}  Rh8 {[%clk 0:11:01]} 36. Kf4 {[%clk 0:14:10]}  Rh1 {[%clk 0:10:28]} 37. Ke5 {[%clk 0:15:42]}  c5 {[%clk 0:10:00]} 38. Kd5 {[%clk 0:14:50]}  Rd1 {[%clk 0:05:27]} 39. Rf3 {[%clk 0:11:07]}  Rd2 {[%clk 0:03:58]} 40. Rg3 {[%clk 0:10:14]}  Rxb2 {[%clk 0:03:27]} 41. e5 {[%clk 0:09:52]}  Rxb3 {[%clk 0:17:45]} 42. e6 {[%clk 0:06:31]}  Rb2 {[%clk 0:15:54]} 43. Rg7+ {[%clk 0:04:39]}  Kf6 {[%clk 0:13:27]} 44. Rf7+ {[%clk 0:04:21]}  Kg6 {[%clk 0:12:02]} 45. Rf1 {[%clk 0:02:30]}  Re2 {[%clk 0:11:57]} 46. Kd6 {[%clk 0:01:45]}  c4 {[%clk 0:10:20]} 47. e7 {[%clk 0:05:30]}  cxd3 {[%clk 0:10:06]} 48. Kd7 {[%clk 0:05:39]} 1-0